Statistics for Flags with hands #5

Click here to take the quiz!

General Stats

  • This quiz has been taken 9 times
  • The average score is 10 of 13

Answer Stats

Answer% Correct
Mongolia
100%
Russia
100%
South Africa
100%
Taiwan
100%
Thailand
100%
Costa Rica
83%
East Timor
83%
Guyana
83%
Suriname
83%
Gabon
50%
Madagascar
50%
Gambia
33%
Equatorial Guinea
17%

Score Distribution

Percentile by Number Answered

Percent of People with Each Score

Your Score History

You have not taken this quiz